Szczegóły MARC21

Panuj nad swoim czasem : liczy się każda minuta /

005 -DATA I CZAS OSTATNIEJ MODYFIKACJI [,]
    • @
    • pole kontrolne
    • 20140407125052.0
020 -Międzynarod. znormalizowany nr książki - ISBN [ , ]
    • a
    • Numer ISBN
    • 9788388931994 Find
040 -Instytucja sporządzająca opis [ , ]
    • a
    • Instytucja, która sporządziła opis (NP)
    • SZCZ U/JG
    • c
    • Instytucja, która sporządziła rekord (NP)
    • SZCZ U/JG
    • d
    • Instytucja, która zmodyfikowała rekord (P)
    • SZCZ U/ML
041 -Język dokumentu [1, ]
    • a
    • Język tekstu (P)
    • polski
    • h
    • Język tekstu oryginalnego i/lub pośredniego (P)
    • angielski
044 -Kraj miejsca wydania [ , ]
    • a
    • Kraj miejsca wydania
    • Polska
942 -Rodzaj dokumentu [ , ]
    • c
    • Rodzaj dokumentu
    • Książka
245 -Strefa tytułu i oznaczenia odpowiedzialności [0,0]
    • a
    • Tytuł
    • Panuj nad swoim czasem : Find
    • b
    • Ciąg dalszy tytułu (NP)
    • liczy się każda minuta / Find
    • c
    • Pozostałe elementy strefy tytułu i oznaczenia odpowiedzialności (NP)
    • [przekł. Tristan Korecki ; aut. Melissa Raffoni et al.].
246 -Wariant tytułu [1, ]
    • i
    • Tekst wyświetlany na ekranie monitora (NP)
    • Tyt. oryg.:
    • a
    • Tytuł (NP)
    • Taking control of your time
260 -Strefa adresu wydawniczego [ , ]
    • a
    • Miejsce wydania (P)
    • Warszawa :
    • b
    • Nazwa wydawcy (P)
    • Wydawnictwo Studio Emka,
    • c
    • Data wydania (P)
    • cop. 2007.
300 -Strefa opisu fizycznego [ , ]
    • a
    • Określenie formy książki i/lub objętość (NP)
    • 181 s. ;
    • c
    • Format (NP)
    • 22 cm +
    • e
    • Oznaczenie dokumentu towarzyszącego (NP)
    • płyta CD.
490 -Strefa serii i książki wielotomowej - forma nie do wyszukiwania [1, ]
    • a
    • Tytuł (P)
    • Menedżer skuteczny Find
830 -Hasło dodatkowe serii i opisu książki wielotomowej - tytuł ujednolicony/tytuł [ ,0]
    • 9
    • KHW
    • 69487
    • a
    • Tytuł ujednolicony/tytuł (NP)
    • Menedżer skuteczny
500 -Uwaga ogólna [ , ]
    • a
    • Uwaga ogólna (NP)
    • Na s. tyt., okł. i płycie: Harvard Business School Press.
500 -Uwaga ogólna [ , ]
    • a
    • Uwaga ogólna (NP)
    • Płyta CD umożliwia odsłuchanie najistotniejszych fragmentów.
504 -Uwaga dot. bibliogr. załącznikowej [ , ]
    • a
    • Uwaga dot. bibliografii załącznikowej
    • Bibliogr. po rozdziałach.
080 -Uniwersalna Klasyfikacja Dziesiętna [ , ]
    • 2
    • Identyfikator wydania tablic
    • UDC-P058
    • 9
    • UKD
    • 2221
    • a
    • Symbol klasyfikacji
    • 005.91
    • b
    • Dopowiedzenie
    • Biurowość. Organizacja biura. Technika pracy biurowej. Zarządzanie biurem, pracą biurową.
080 -Uniwersalna Klasyfikacja Dziesiętna [ , ]
    • 2
    • Identyfikator wydania tablic
    • UDC-P058
    • 9
    • UKD
    • 2190
    • a
    • Symbol klasyfikacji
    • 005.56
    • b
    • Dopowiedzenie
    • Zarządzanie. Współpraca. Współdziałanie. Współudział.
080 -Uniwersalna Klasyfikacja Dziesiętna [ , ]
    • 2
    • Identyfikator wydania tablic
    • UDC-P058
    • 9
    • UKD
    • 2229
    • a
    • Symbol klasyfikacji
    • 005.95/.96
    • b
    • Dopowiedzenie
    • Zarządzanie. Zarządzanie personelem. Zarządzanie zasobami ludzkimi. Mentoring.
980 -Symbol UKD [ , ]
    • a
    • UKD
    • 005.91:005.56:005.95/.96
700 -Hasło dodatkowe - nazwa osobowa [1, ]
    • 9
    • KHW
    • 597857
    • a
    • Nazwa osobowa (NP)
    • Korecki, Tristan. Find
    • e
    • Określenie rodzaju współpracy
    • Tł.
700 -Hasło dodatkowe - nazwa osobowa [1, ]
    • 9
    • KHW
    • 69486
    • a
    • Nazwa osobowa (NP)
    • Raffoni, Melissa. Find
710 -Hasło dodatkowe - nazwa ciała zbiorowego [2, ]
    • 4
    • Kod relacji
    • pbl
    • 9
    • KHW
    • 53455
    • a
    • Nazwa ciała zbiorowego lub nazwa geograficzna jako pierwszy element (NP)
    • Studio Emka.
920 -ISBN [ , ]
    • a
    • ISBN
    • 978-83-88931-99-4 Find
Status udost. Numer inwentarzowy Lokalizacja Data inwentaryzacji
-2T.15075T2014-03-03